000 00417nam a2200181Ia 4500
001 16034
005 20260306170239.0
008 260306t2014||||xx |||||||||||||| ||und||
041 _aESP
082 _a346.52
_bV62
100 _aVicente Domingo, Elena
_eAUT
245 0 _aEl lucro cesante
260 _c2014
300 _a158 páginas :
_c21 cm.
650 _aGEN
654 _aCDE
942 _cLIB
_dJUS
_fJUS
_2ddc
_n
999 _c16034
_d16034